01323nam a2200349 i 4500003000900000005001700009006001900026007000300045008004100048020001500089020001500104040003000119041000800149082001400157100003600171245014900207246002100356264004600377300004500423336002700468337003300495338002700528490001400555490003400569500008000603504004200683534007900725650005000804700003700854700004600891700003600937DO-SdBNP20240627091301.0a||||gr|||| 00| 0 ta240626t1990 sp aoc|| |||| 00| e spa d a8479270454 a8422642506 aDO-SdBNPbspacBNPHUerda heng 4222bD897d1 aDunn Mascetti, Manuela eautora10aDiosas:bla canción de Eva /cManuela Dunn Mascetti; presentación, Jennifer Barker Woolger y Roger Woolger; traducción, Teresa Camprodón13aThe Song of Eva. 4aBarcelona, España :bRobinbook,c©1990 a239 páginas :bilustraciones ;c22 cm. 2rdacontentatextobtxt 2rdamediaasin mediaciónbn 2rdacarrieravlumenbnc aRobinbook aCículo de Lectores ;v30015 aIncluye datos biográficos de la autora en la solapa de la contracubierta. aBibliografías: páginas 237 - 239. aTítulo original: The Song of Eva.cEdiciones Robinbook, Barcelona, 1990. 4aBrujasxMitos y LeyendaszBarcelona, España1 aCamprodón, Teresa,etraductora 2aBarker Woolger, Jennifer,epresentación 2aWoolger, Roger,epresentación